Á lódáil...

Evolution of crop plants

Sonraí Bibleagrafaíochta
Príomhúdar: Simmonds, N W
Formáid: Printed Book
Teanga:Undetermined
English
Foilsithe: London Longman Group Ltd 1976
Ábhair:
LEADER 00691nam a2200181Ia 4500
008 140306s9999 xx 000 0 und d
041 |a eng 
082 |a 630  |b SIM/EV 
100 |a Simmonds, N W 
245 |a Evolution of crop plants 
260 |a London  |b Longman Group Ltd  |c 1976 
300 |a 339 
365 |b Rs .294.40 
650 |a Agriculture 
942 |2 ddc  |c BK 
999 |c 117078  |d 117078 
952 |0 0  |1 0  |2 ddc  |4 0  |6 630_000000000000000_SIMEV  |7 0  |9 115884  |a KAUHCV  |b KAUHCV  |d 2002-04-28  |g 294.40  |o 630 SIM/EV  |p KAU_HCV-13383  |r 2014-03-22  |w 2014-03-22  |y BK 
952 |0 0  |1 0  |2 ddc  |4 0  |6 630_000000000000000_SIMEV  |7 0  |9 115885  |a KAUHCV  |b KAUHCV  |d 2002-04-28  |g 294.40  |o 630 SIM/EV  |p KAU_HCV-7387  |r 2014-03-22  |w 2014-03-22  |y BK